[Event "Schachbundesliga 2011/2012"]
[Site "Mülheim/Germany"]
[Date "2011.10.14"]
[Round "1.2"]
[White "Socko, Bartosz"]
[Black "Stern, Rene"]
[Result "1/2-1/2"]
[WhiteElo "2628"]
[BlackElo "2506"]
[Annotator "Robot 3"]
[PlyCount "136"]
[EventDate "2011.??.??"]
[WhiteTeam "USV TU Dresden"]
[BlackTeam "SK KÃ¶nig Tegel"]

1. e4 e5 2. Nf3 Nc6 3. Bb5 a6 4. Ba4 Nf6 5. O-O Be7 6. Re1 b5 7. Bb3 d6 8. c3
O-O 9. d4 Bg4 10. d5 Na5 11. Bc2 c6 12. h3 Bc8 13. dxc6 Qc7 14. Nbd2 Qxc6 15.
Nf1 Nc4 16. Ng3 Be6 17. Ng5 Bd7 18. a4 Rad8 19. Qd3 g6 20. Rd1 Kg7 21. b3 Nb6
22. a5 Na8 23. f4 Nc7 24. Nf3 Ne6 25. f5 Nf4 26. Bxf4 exf4 27. Ne2 Nh5 28. b4
Qc8 29. Bb3 Bf6 30. Rac1 gxf5 31. Nfd4 fxe4 32. Qxe4 Rde8 33. Qf3 Re5 34. Rf1
Kh8 35. Rc2 Be6 36. Rd2 Bxb3 37. Nxb3 Rxe2 38. Rxe2 Ng3 39. Nd4 Bxd4+ 40. cxd4
Nxe2+ 41. Qxe2 Qe6 42. Qf3 Qe3+ 43. Qxe3 fxe3 44. Rf6 Rc8 45. Kf1 Rc4 46. Rxd6
Rxb4 47. d5 Rb2 48. Rxa6 Kg7 49. Rb6 Kf8 50. Rb7 Ra2 51. d6 Ke8 52. Re7+ Kd8
53. Rxf7 Rxa5 54. Rxh7 b4 55. Rb7 Ra1+ 56. Ke2 Ra2+ 57. Kxe3 Rxg2 58. h4 Rg4
59. h5 Rh4 60. Rb5 Kd7 61. Rd5 Rh2 62. Kf4 b3 63. Kg5 b2 64. Rb5 Kxd6 65. h6
Kc6 66. Rb8 Kc5 67. Kg6 Kc4 68. h7 Kd4 1/2-1/2

[Event "Schachbundesliga 2011/2012"]
[Site "Mülheim/Germany"]
[Date "2011.10.15"]
[Round "2.8"]
[White "Hoffmann, Michael"]
[Black "Ruck, Robert"]
[Result "1/2-1/2"]
[WhiteElo "2496"]
[BlackElo "2579"]
[Annotator "Robot 3"]
[PlyCount "64"]
[EventDate "2011.??.??"]
[WhiteTeam "SG Solingen"]
[BlackTeam "SC Eppingen"]

1. d4 Nf6 2. c4 g6 3. Nc3 d5 4. Nf3 Bg7 5. Qb3 dxc4 6. Qxc4 O-O 7. e4 a6 8. e5
b5 9. Qb3 Nfd7 10. Be2 c5 11. e6 fxe6 12. Qxe6+ Kh8 13. dxc5 Ne5 14. Qd5 Qxd5
15. Nxd5 Nxf3+ 16. Bxf3 Bb7 17. Nc7 Bxf3 18. gxf3 Ra7 19. Ne6 Rxf3 20. Ke2 Rf6
21. Nxg7 Kxg7 22. Rd1 Nc6 23. a4 bxa4 24. Rxa4 a5 25. Bd2 Rf5 26. Be3 Rb7 27.
Rd2 Rh5 28. h4 Kf7 29. Rf4+ Ke8 30. Re4 Kf7 31. Rf4+ Ke8 32. Re4 Kf7 1/2-1/2

[Event "Schachbundesliga 2011/2012"]
[Site "Mülheim/Germany"]
[Date "2011.10.15"]
[Round "2.8"]
[White "Popovic, Petar"]
[Black "Rau, Hannes"]
[Result "1/2-1/2"]
[WhiteElo "2485"]
[BlackElo "2464"]
[Annotator "Robot 3"]
[PlyCount "59"]
[EventDate "2011.??.??"]
[WhiteTeam "SC 1950 Remagen"]
[BlackTeam "SV 1930 Hockenheim"]

1. e4 c5 2. Nf3 Nc6 3. d4 cxd4 4. Nxd4 Nf6 5. Nc3 d6 6. f3 e5 7. Nb3 Be7 8. Be3
O-O 9. Qd2 a5 10. Bb5 Na7 11. Bd3 Be6 12. Rd1 Nc8 13. O-O Nb6 14. Qf2 Nc4 15.
Bxc4 Bxc4 16. Rfe1 Qc8 17. a4 Qc6 18. Bb6 Bd8 19. Bxd8 Rfxd8 20. Nd2 Be6 21.
Nf1 d5 22. exd5 Nxd5 23. Nxd5 Rxd5 24. Rxd5 Qxd5 25. Ne3 Qd4 26. b3 Rd8 27. h3
Qf4 28. Re2 Qb4 29. Nf1 Rd5 30. Nd2 1/2-1/2

[Event "FIDE Women Grand Prix 2011"]
[Site "Nalchik/Russia"]
[Date "2011.10.14"]
[Round "5"]
[White "Ju, Wenjun"]
[Black "Cmilyte, Viktorija"]
[Result "1/2-1/2"]
[WhiteElo "2536"]
[BlackElo "2525"]
[Annotator "Robot 3"]
[PlyCount "102"]
[EventDate "2011.??.??"]
[TimeControl "40/5400+30:1800+30"]

1. d4 Nf6 2. c4 g6 3. g3 Bg7 4. Bg2 O-O 5. Nf3 d5 6. cxd5 Nxd5 7. O-O Nc6 8. e4
Nb6 9. d5 Na5 10. Na3 c6 11. Qe1 Nac4 12. Nxc4 Nxc4 13. dxc6 bxc6 14. Qb4 Ba6
15. Re1 Rb8 16. Qa4 Bb5 17. Qc2 Qa5 18. a4 Ba6 19. Rb1 Rfd8 20. Bf1 Ne5 21.
Nxe5 Bxf1 22. Rxf1 Bxe5 23. Be3 Bd4 24. Bf4 e5 25. Bg5 Rdc8 26. Rfc1 c5 27. b3
Qa6 28. Kg2 Kg7 29. Qd2 h5 30. h4 Rb6 31. Be3 Qb7 32. f3 Rb8 33. Bxd4 cxd4 34.
Qa5 Qe7 35. Qc5 Qe6 36. b4 Qa2+ 37. Kh3 Qe6+ 38. Kg2 Qa2+ 39. Kh3 Re8 40. Qc2
Qe6+ 41. Kg2 Rd8 42. b5 a6 43. Qc4 Qf6 44. a5 Rxb5 45. Rxb5 axb5 46. Qxb5 Qe6
47. Qc4 Qd6 48. Qc5 Qe6 49. Qc4 Qd6 50. Qc5 Qe6 51. Qc4 Qd6 1/2-1/2

[Event "FIDE Women Grand Prix 2011"]
[Site "Nalchik/Russia"]
[Date "2011.10.14"]
[Round "5"]
[White "Kosintseva, Nadezhda"]
[Black "Munguntuul, Batkhuyag"]
[Result "1-0"]
[WhiteElo "2560"]
[BlackElo "2465"]
[Annotator "Robot 3"]
[PlyCount "77"]
[EventDate "2011.??.??"]
[TimeControl "40/5400+30:1800+30"]

1. e4 c5 2. Nf3 e6 3. d4 cxd4 4. Nxd4 Nc6 5. Nc3 Qc7 6. Be3 a6 7. Qd2 Nf6 8.
O-O-O Be7 9. f3 O-O 10. g4 b5 11. g5 Nh5 12. Kb1 Ne5 13. f4 Ng4 14. e5 Bb7 15.
Rg1 Nxe3 16. Qxe3 g6 17. Bg2 Bxg2 18. Rxg2 d5 19. exd6 Qxd6 20. Nf5 Qc5 21.
Nxe7+ Qxe7 22. Rgd2 Qc7 23. Qe5 Rac8 24. Rd4 h6 25. h4 Ng3 26. gxh6 Qxe5 27.
fxe5 Nf5 28. Rd7 Kh7 29. Ne4 Kxh6 30. Ng5 Kh5 31. Nxf7 Rc5 32. Rg1 Nh6 33. Nxh6
Kxh6 34. Rd6 Rf2 35. Rxe6 Rcxc2 36. Rexg6+ Kh5 37. Rxa6 Rxb2+ 38. Ka1 Rbe2 39.
Ra8 1-0

[Event "FIDE Women Grand Prix 2011"]
[Site "Nalchik/Russia"]
[Date "2011.10.14"]
[Round "5"]
[White "Kosintseva, Tatiana"]
[Black "Kosteniuk, Alexandra"]
[Result "1-0"]
[WhiteElo "2536"]
[BlackElo "2469"]
[Annotator "Robot 3"]
[PlyCount "71"]
[EventDate "2011.??.??"]
[TimeControl "40/5400+30:1800+30"]

1. e4 e5 2. Nf3 Nf6 3. Nxe5 d6 4. Nf3 Nxe4 5. Nc3 Nxc3 6. dxc3 Be7 7. Be3 Nd7
8. Qd2 Nf6 9. O-O-O O-O 10. Bd3 c5 11. Rhe1 d5 12. c4 d4 13. Bg5 Be6 14. c3 b5
15. cxb5 Qa5 16. c4 Qb6 17. Ne5 a6 18. Nc6 Bd8 19. Nxd8 Qxd8 20. bxa6 Rxa6 21.
b3 Qa8 22. a4 Nd7 23. Bc2 Qb7 24. Bf4 Rb6 25. Qd3 g6 26. Qf3 Qa6 27. g4 Nf6 28.
h3 Bxc4 29. bxc4 Qxc4 30. Bc7 Nd5 31. Bxb6 Nc3 32. Ba5 Na2+ 33. Kb2 Nc3 34.
Bxc3 Rb8+ 35. Kc1 dxc3 36. Qf6 1-0

[Event "FIDE Women Grand Prix 2011"]
[Site "Nalchik/Russia"]
[Date "2011.10.14"]
[Round "5"]
[White "Stefanova, Antoaneta"]
[Black "Galliamova, Alisa"]
[Result "1-0"]
[WhiteElo "2528"]
[BlackElo "2498"]
[Annotator "Robot 3"]
[PlyCount "67"]
[EventDate "2011.??.??"]
[TimeControl "40/5400+30:1800+30"]

1. d4 d5 2. c4 c6 3. Nf3 Nf6 4. Nc3 e6 5. Bg5 h6 6. Bxf6 Qxf6 7. Qb3 Qe7 8. a3
f5 9. Ne5 Nd7 10. Ng6 Qf6 11. Nxh8 g5 12. O-O-O Bg7 13. e3 Bxh8 14. f3 b6 15.
cxd5 exd5 16. e4 dxe4 17. fxe4 fxe4 18. Be2 Qf7 19. Qc2 Kd8 20. Rhf1 Qe6 21.
Nxe4 Nf6 22. Bc4 Qxe4 23. Qxe4 Nxe4 24. Rf8+ Kc7 25. Rxh8 b5 26. Bb3 Bb7 27.
Rh7+ Kb6 28. Rxh6 Rf8 29. Re6 Nf2 30. Rd2 Rf4 31. g3 Rf8 32. d5 Kc5 33. d6 Ng4
34. d7 1-0

[Event "FIDE Women Grand Prix 2011"]
[Site "Nalchik/Russia"]
[Date "2011.10.14"]
[Round "5"]
[White "Zhao, Xue"]
[Black "Lahno, Kateryna"]
[Result "1-0"]
[WhiteElo "2497"]
[BlackElo "2554"]
[Annotator "Robot 3"]
[PlyCount "79"]
[EventDate "2011.??.??"]
[TimeControl "40/5400+30:1800+30"]

1. d4 Nf6 2. c4 g6 3. f3 d5 4. cxd5 c6 5. dxc6 Nxc6 6. e3 e5 7. dxe5 Qa5+ 8.
Nc3 Qxe5 9. Bb5 Bc5 10. Nge2 O-O 11. Bxc6 bxc6 12. e4 Bb6 13. Na4 Rd8 14. Qc2
Qa5+ 15. Nec3 Nd5 16. exd5 Bf5 17. Qd2 Re8+ 18. Kd1 Be3 19. Qxe3 Rxe3 20. Bxe3
cxd5 21. Ke2 Bc2 22. b3 d4 23. Bxd4 Qg5 24. Kf1 Qd2 25. Bf2 Rc8 26. Re1 Rxc3
27. Nxc3 Qxc3 28. h4 h5 29. Kg1 Qd2 30. Bg3 Bd1 31. Rh3 Be2 32. Bf2 Qxa2 33.
Rg3 Qd2 34. Rg5 a6 35. Rc5 Qb2 36. Rd5 f6 37. Rd7 g5 38. hxg5 fxg5 39. Be3 Bb5
40. Bc1 1-0

[Event "FIDE Women Grand Prix 2011"]
[Site "Nalchik/Russia"]
[Date "2011.10.14"]
[Round "5"]
[White "Zhu, Chen"]
[Black "Kovalevskaya, Ekaterina"]
[Result "1/2-1/2"]
[WhiteElo "2490"]
[BlackElo "2421"]
[Annotator "Robot 3"]
[PlyCount "88"]
[EventDate "2011.??.??"]
[TimeControl "40/5400+30:1800+30"]

1. d4 d5 2. c4 e6 3. Nf3 c5 4. cxd5 exd5 5. Nc3 Nc6 6. g3 Nf6 7. Bg2 Be7 8. O-O
O-O 9. Bg5 c4 10. Ne5 Be6 11. Nxc6 bxc6 12. b3 Qa5 13. Qd2 Rad8 14. Rfd1 Bb4
15. Bxf6 gxf6 16. Rdc1 c5 17. bxc4 dxc4 18. d5 Bxd5 19. Bxd5 Bxc3 20. Rxc3 Rxd5
21. Qc2 Rfd8 22. Rxc4 h5 23. Kg2 Re5 24. Rf4 Rd2 25. Qc4 Qb4 26. Qa6 Qb6 27.
Qc8+ Kg7 28. Rc1 Rdxe2 29. a4 Qd6 30. Rc3 Re1 31. Rcf3 Re6 32. Rf5 R1e5 33.
Rxe5 Rxe5 34. Qb7 Qd5 35. Qxd5 Rxd5 36. Rc3 f5 37. f4 Kf6 38. Kh3 Kg6 39. Rc2
a5 40. Kh4 f6 41. Rc1 Kh6 42. Rc2 Kg6 43. Rc1 Kh6 44. Rc2 Kg6 1/2-1/2